000 01382namaa22003131i 4500
005 20260625094005.0
008 260625s1995 ua a|||frm||| 000 0 eng d
040 _aEG-GICUC
_beng
_cEG-GICUC
_dEG-GICUC
_erda
041 0 _aeng
_beng
_bara
049 _aDeposite
097 _aM.Sc
099 _aCai01.11.31.M.Sc.1995.Am.D.
100 0 _aAmr Abdel Fattah Nassef,
_epreparation.
245 1 0 _aDoppler Examination Of The Lower Limb Arteries Versus Angiographic Studies /
_cBy Amr Abdel Fattah Nassef; Under Supervision Of Prof. Dr. Mahmoud Abdalla Sharaf, Assist. Prof. Dr. Ahmed Sami M. Said.
246 1 5 _aفحص شرايين الطرف السفلى بالموجات فوق الصوتية بالمقارنة مع فحص الشرايين بالصبغة /
264 0 _c1995.
300 _a187 pages :
_billustrations ;
_c30 cm. +
336 _2rda content
_atext
337 _2rdamedia
_aUnmediated
338 _2rdacarrier
_avolume
502 _aThesis (M.Sc.) -Cairo University, 1995.
504 _aBibliography: pages 187-203.
653 0 _aRadio - Diagnosis
700 0 _aMahmoud Abdalla Sharaf
_ethesis advisor.
700 0 _aAhmed Sami M. Said
_ethesis advisor.
900 _DDepartment of Radio - Diagnosis
_FFaculty of Medicine
_UCairo University
_b1995
_cMahmoud Abdalla Sharaf
_cAhmed Sami M. Said
905 _aEman El gebaly
942 _2ddc
_cTH
_e21
_n0
999 _c180608